Fountains and water features : (Record no. 353790)
[ view plain ]
| 000 -LEADER | |
|---|---|
| fixed length control field | 01391nam a2200265 a 4500 |
| 001 - CONTROL NUMBER | |
| control field | ASIN0711227519 |
| 003 - CONTROL NUMBER IDENTIFIER | |
| control field | OSt |
| 005 - DATE AND TIME OF LATEST TRANSACTION | |
| control field | 20180116192418.0 |
| 008 - FIXED-LENGTH DATA ELEMENTS--GENERAL INFORMATION | |
| fixed length control field | 130805s2009 xxu eng d |
| 020 ## - INTERNATIONAL STANDARD BOOK NUMBER | |
| International Standard Book Number | 0711227519 (hardcover) |
| Terms of availability | $65.00 |
| 020 ## - INTERNATIONAL STANDARD BOOK NUMBER | |
| International Standard Book Number | 9780711227514 (hardcover) |
| 040 ## - CATALOGING SOURCE | |
| Transcribing agency | 00 |
| 050 04 - LIBRARY OF CONGRESS CALL NUMBER | |
| Classification number | SB475.8 |
| 082 04 - DEWEY DECIMAL CLASSIFICATION NUMBER | |
| Classification number | 714 |
| 100 1# - MAIN ENTRY--PERSONAL NAME | |
| Personal name | Hopwood, Rosalind. |
| 9 (RLIN) | 6927 |
| 245 10 - TITLE STATEMENT | |
| Title | Fountains and water features : |
| Remainder of title | from ancient springs to modern marvels / |
| Statement of responsibility, etc. | Rosalind Hopwood. |
| 260 ## - PUBLICATION, DISTRIBUTION, ETC. | |
| Place of publication, distribution, etc. | London : |
| Name of publisher, distributor, etc. | Frances Lincoln, |
| Date of publication, distribution, etc. | 2009. |
| 300 ## - PHYSICAL DESCRIPTION | |
| Extent | 208 p. ; |
| Dimensions | 30 cm. |
| 520 ## - SUMMARY, ETC. | |
| Summary, etc. | A key design element since the first gardens were tilled, water has been managed into a surprising range of styles — in symbolic and mythological themes, for private contemplation, and for large-scale displays of power and wealth. This book traces the history of fountains and describes key examples such as Moorish water gardens in Spain, Renaissance pleasure fountains, impressive schemes at Chatsworth and Vaux le Vicomte, and a wide range of contemporary cascades. More than 150 color illustrations depict these inspiring features. |
| 650 #0 - SUBJECT ADDED ENTRY--TOPICAL TERM | |
| Topical term or geographic name entry element | Fountains |
| 9 (RLIN) | 6928 |
| 650 #0 - SUBJECT ADDED ENTRY--TOPICAL TERM | |
| Topical term or geographic name entry element | Water in landscape architecture |
| 9 (RLIN) | 6929 |
| 856 40 - ELECTRONIC LOCATION AND ACCESS | |
| Materials specified | Amazon.com |
| Uniform Resource Identifier | <a href="http://www.amazon.com/exec/obidos/ASIN/0711227519/chopaconline-20">http://www.amazon.com/exec/obidos/ASIN/0711227519/chopaconline-20</a> |
| 942 ## - ADDED ENTRY ELEMENTS (KOHA) | |
| Source of classification or shelving scheme | |
| Koha item type | Book |
| Withdrawn status | Lost status | Source of classification or shelving scheme | Damaged status | Not for loan | Permanent Location | Current Location | Date acquired | Total Checkouts | Full call number | Barcode | Date last seen | Date last checked out | Cost, replacement price | Price effective from | Koha item type |
|---|---|---|---|---|---|---|---|---|---|---|---|---|---|---|---|
| School of Art Design and Architecture (SADA) | School of Art Design and Architecture (SADA) | 06/20/2013 | 1 | 714 HOP 2009 | SADA0002051 | 12/08/2015 | 12/03/2015 | 4852.57 | 08/15/2013 | Book |
